Library Banner

The botanical pharmacy: (Record no. 89700)

MARC details
000 -LEADER
fixed length control field 00499nam a22001697a 4500
005 - DATE AND TIME OF LATEST TRANSACTION
control field 20170215144713.0
008 - FIXED-LENGTH DATA ELEMENTS--GENERAL INFORMATION
fixed length control field 170103b xxu||||| |||| 00| 0 eng d
020 ## - INTERNATIONAL STANDARD BOOK NUMBER
International Standard Book Number 1550822527
040 ## - CATALOGING SOURCE
Transcribing agency PK-LaUMT
082 ## - DEWEY DECIMAL CLASSIFICATION NUMBER
Classification number 615.1
Item number BOO-B
100 ## - MAIN ENTRY--PERSONAL NAME
Personal name Boon , Heather
245 ## - TITLE STATEMENT
Title The botanical pharmacy:
Remainder of title the pharmacology of 47 common herbs/
Statement of responsibility, etc Heather Boon and Michael Smith
260 ## - PUBLICATION, DISTRIBUTION, ETC. (IMPRINT)
Place of publication, distribution, etc Ontario:
Name of publisher, distributor, etc The canadian college of naturopathic medicine,
Date of publication, distribution, etc 1999
300 ## - PHYSICAL DESCRIPTION
Extent 320 p.
546 ## - LANGUAGE NOTE
Language note EN
942 ## - ADDED ENTRY ELEMENTS (KOHA)
Koha item type Books
Holdings
Withdrawn status Lost status Damaged status Home library Current library Date acquired Full call number Barcode Date last seen Price effective from Koha item type
      UMT Health Sciences Campus UMT Health Sciences Campus 2017-01-03 615.1 BOO-B 104659 2021-03-12 2017-01-03 Books